00455nam a2200157Ia 4500008004100000020001500041082001500056100002400071245002300095250000700118260004000125300004200165500001900207600002100226650005000247240925s9999 xx 000 0 und d a817656804x a005.43 SMI aSmith ,Roderick W. 0aLinux: power tools aNA aNew Delhi:bBPB Publicationc,2003. axxiv,760p.bNAfInternational Edition aIncludes Index aComputer Science aComputer science, information & general works